[Event "Bundesliga 9596"]
[Site "Deutschland"]
[Date "1995.??.??"]
[Round "?.4"]
[White "Knaak, Rainer"]
[Black "Kurz, Alexander"]
[Result "1-0"]
[WhiteElo "2540"]
[BlackElo "2350"]
[PlyCount "78"]
[EventDate "1995.10.??"]
[EventType "team"]
[EventRounds "15"]
[EventCountry "GER"]
[SourceTitle "Bundesliga 9596"]
[Source "DeepChess"]
[SourceDate "2005.01.01"]
[SourceVersion "1"]
[SourceVersionDate "2005.01.01"]
[SourceQuality "1"]
[WhiteTeam "SAbt SV Werder Bremen"]
[BlackTeam "SC 1868 Bamberg e.V."]
[WhiteTeamCountry "GER"]
[BlackTeamCountry "GER"]

1. d4 Nf6 2. c4 g6 3. Nc3 Bg7 4. e4 d6 5. f3 O-O 6. Bg5 c5 7. d5 e6 8. Qd2 exd5
9. cxd5 Na6 10. Bd3 Bd7 11. Nge2 Rc8 12. O-O c4 13. Bc2 b5 14. a3 Nc5 15. Nd4
Qb6 16. Be3 Rfe8 17. Rab1 a5 18. b4 cxb3 19. Nxb3 b4 20. axb4 axb4 21. Na2 Nxb3
22. Bxb3 Bh6 23. Bxb6 Bxd2 24. Rfd1 Bc3 25. Ba5 Nh5 26. Nxc3 bxc3 27. Bc2 f5
28. Rb7 Nf6 29. Rc1 fxe4 30. fxe4 Rc5 31. Bb4 Rb5 32. Rxb5 Bxb5 33. Re1 Bc4 34.
Bxc3 Nd7 35. Ba4 Re7 36. Bb4 Nb6 37. Bxd6 Ra7 38. Bc6 Ra2 39. Bc5 Na4 1-0

[Event "Bundesliga 9596"]
[Site "Deutschland"]
[Date "1995.??.??"]
[Round "?.5"]
[White "Huemmer, Bernd"]
[Black "Heissler, Jakob"]
[Result "1/2-1/2"]
[WhiteElo "2280"]
[BlackElo "2445"]
[PlyCount "49"]
[EventDate "1995.10.??"]
[EventType "team"]
[EventRounds "15"]
[EventCountry "GER"]
[SourceTitle "Bundesliga 9596"]
[Source "DeepChess"]
[SourceDate "2005.01.01"]
[SourceVersion "1"]
[SourceVersionDate "2005.01.01"]
[SourceQuality "1"]
[WhiteTeam "SC 1868 Bamberg e.V."]
[BlackTeam "SAbt SV Werder Bremen"]
[WhiteTeamCountry "GER"]
[BlackTeamCountry "GER"]

1. d4 Nf6 2. Bg5 e6 3. Nd2 h6 4. Bh4 c5 5. e3 cxd4 6. exd4 Be7 7. Ngf3 d6 8. c3
b6 9. Bd3 Bb7 10. Qe2 Nbd7 11. a4 a6 12. Nc4 Qc7 13. Bg3 Nh5 14. O-O O-O 15.
Rfe1 Nxg3 16. hxg3 Rfe8 17. Ncd2 Nf6 18. Ne4 Nxe4 19. Bxe4 Bxe4 20. Qxe4 d5 21.
Qe2 Bd6 22. g4 f6 23. g3 Qb7 24. Qd3 Rad8 25. Kg2 1/2-1/2

[Event "Bundesliga 9596"]
[Site "Deutschland"]
[Date "1995.??.??"]
[Round "?.6"]
[White "Meins, Gerlef"]
[Black "Loew, Gerald"]
[Result "1-0"]
[WhiteElo "2440"]
[BlackElo "2285"]
[PlyCount "87"]
[EventDate "1995.10.??"]
[EventType "team"]
[EventRounds "15"]
[EventCountry "GER"]
[SourceTitle "Bundesliga 9596"]
[Source "DeepChess"]
[SourceDate "2005.01.01"]
[SourceVersion "1"]
[SourceVersionDate "2005.01.01"]
[SourceQuality "1"]
[WhiteTeam "SAbt SV Werder Bremen"]
[BlackTeam "SC 1868 Bamberg e.V."]
[WhiteTeamCountry "GER"]
[BlackTeamCountry "GER"]

1. d4 Nf6 2. c4 e6 3. g3 Bb4+ 4. Nd2 c5 5. a3 Bxd2+ 6. Qxd2 cxd4 7. Nf3 Nc6 8.
Nxd4 d5 9. Bg2 e5 10. Nxc6 bxc6 11. Qg5 O-O 12. cxd5 cxd5 13. Qxe5 Re8 14. Qd4
Ba6 15. Be3 Qa5+ 16. b4 Qb5 17. Ra2 Rac8 18. O-O Ne4 19. Bf3 Qa4 20. Raa1 Bc4
21. Qxa7 Qxa7 22. Bxa7 Nc3 23. Rfe1 Nxe2+ 24. Kg2 Nc3 25. Rxe8+ Rxe8 26. Bd4
Ne2 27. Bb2 d4 28. Bxe2 Rxe2 29. Bxd4 Bd5+ 30. Kf1 Rd2 31. Be3 Rb2 32. Bc5 f6
33. a4 Bc4+ 34. Kg2 Rc2 35. Kf3 Kf7 36. a5 Ba6 37. Re1 Kg6 38. Re7 Ra2 39. Ra7
Be2+ 40. Ke3 Bf1 41. Ke4 Re2+ 42. Kd5 Rc2 43. Kc6 Rb2 44. Kb6 1-0

[Event "Bundesliga 9596"]
[Site "Deutschland"]
[Date "1995.??.??"]
[Round "?.7"]
[White "Kestler, Hans Guenther"]
[Black "Floegel, Ulrich"]
[Result "1-0"]
[WhiteElo "2345"]
[BlackElo "2360"]
[PlyCount "87"]
[EventDate "1995.10.??"]
[EventType "team"]
[EventRounds "15"]
[EventCountry "GER"]
[SourceTitle "Bundesliga 9596"]
[Source "DeepChess"]
[SourceDate "2005.01.01"]
[SourceVersion "1"]
[SourceVersionDate "2005.01.01"]
[SourceQuality "1"]
[WhiteTeam "SC 1868 Bamberg e.V."]
[BlackTeam "SAbt SV Werder Bremen"]
[WhiteTeamCountry "GER"]
[BlackTeamCountry "GER"]

1. e4 Nf6 2. e5 Nd5 3. d4 d6 4. Bc4 Nb6 5. Bb3 Bf5 6. exd6 cxd6 7. Nf3 e6 8.
O-O Be7 9. a4 O-O 10. a5 N6d7 11. h3 a6 12. d5 e5 13. Nbd2 e4 14. Nd4 Bg6 15.
Nc4 Nc5 16. Ba2 Nbd7 17. Bf4 Nf6 18. Nb6 Rb8 19. b4 Ncd7 20. Na4 Ne5 21. Nb6
Nfd7 22. Nxd7 Qxd7 23. Qd2 Bf6 24. Rac1 Rbc8 25. Bxe5 Bxe5 26. c4 Qe7 27. f4
exf3 28. Nxf3 Bg3 29. Bb3 Rfe8 30. Ba4 Rf8 31. Qd4 Qe4 32. c5 Bf4 33. Rce1
Qxd4+ 34. Nxd4 Bd2 35. cxd6 Bxb4 36. d7 Rb8 37. Re8 Bc5 38. Rd1 f6 39. Re6 Bb4
40. Nb3 Bc2 41. Rc1 Bxb3 42. Bxb3 Rfd8 43. d6 Kh8 44. Rc8 1-0

[Event "Bundesliga 9596"]
[Site "Deutschland"]
[Date "1995.??.??"]
[Round "?.8"]
[White "Meyer, Claus Dieter"]
[Black "Krug, Stefan"]
[Result "1/2-1/2"]
[WhiteElo "2315"]
[BlackElo "2150"]
[PlyCount "62"]
[EventDate "1995.10.??"]
[EventType "team"]
[EventRounds "15"]
[EventCountry "GER"]
[SourceTitle "Bundesliga 9596"]
[Source "DeepChess"]
[SourceDate "2005.01.01"]
[SourceVersion "1"]
[SourceVersionDate "2005.01.01"]
[SourceQuality "1"]
[WhiteTeam "SAbt SV Werder Bremen"]
[BlackTeam "SC 1868 Bamberg e.V."]
[WhiteTeamCountry "GER"]
[BlackTeamCountry "GER"]

1. e4 c6 2. d4 d5 3. exd5 cxd5 4. Bd3 Nc6 5. c3 Nf6 6. Bf4 g6 7. Nd2 Bf5 8.
Bxf5 gxf5 9. Qb3 Qd7 10. Ngf3 Bg7 11. Ne5 Nxe5 12. Bxe5 O-O 13. Nf3 b5 14. O-O
Qc6 15. Rfe1 e6 16. Qd1 Nd7 17. Bxg7 Kxg7 18. Qd2 h6 19. Re3 Rh8 20. Rae1 Rag8
21. Nh4 Qd6 22. Rg3+ Kf8 23. Rxg8+ Kxg8 24. g3 Kh7 25. Ng2 a5 26. Nf4 Rc8 27.
Nd3 Rg8 28. Re3 Rg4 29. a3 Nb6 30. Rf3 Nc4 31. Qc1 Qe7 1/2-1/2

[Event "Bundesliga 9596"]
[Site "Deutschland"]
[Date "1996.??.??"]
[Round "?.3"]
[White "Gabriel, Christian"]
[Black "Blatny, Pavel"]
[Result "1/2-1/2"]
[WhiteElo "2510"]
[BlackElo "2515"]
[PlyCount "180"]
[EventDate "1995.10.??"]
[EventType "team"]
[EventRounds "15"]
[EventCountry "GER"]
[SourceTitle "Bundesliga 9596"]
[Source "DeepChess"]
[SourceDate "2005.01.01"]
[SourceVersion "1"]
[SourceVersionDate "2005.01.01"]
[SourceQuality "1"]
[WhiteTeam "SG 1868 Aljech. Solingen"]
[BlackTeam "SAbt SV Werder Bremen"]
[WhiteTeamCountry "GER"]
[BlackTeamCountry "GER"]

1. d4 Nf6 2. c4 d6 3. Nf3 g6 4. Nc3 Bf5 5. Nh4 Bd7 6. e4 e5 7. Nf3 exd4 8. Nxd4
Nc6 9. Be2 Bg7 10. Be3 O-O 11. O-O Qe7 12. f3 Rae8 13. Qd2 Nxd4 14. Bxd4 Bc6
15. Rac1 Nh5 16. Bxg7 Nxg7 17. b4 b6 18. Nd5 Qd8 19. Bd3 Bb7 20. Rfe1 Ne6 21.
Bc2 c6 22. Ne3 Qc7 23. Qc3 f6 24. Ba4 Re7 25. Ng4 Kg7 26. Qd2 c5 27. Qh6+ Kg8
28. Qh4 Kg7 29. Qh6+ Kh8 30. a3 Rg7 31. Ne3 Kg8 32. Bc2 Nd4 33. Bd3 Qd7 34. Nc2
Ne6 35. Qd2 Re7 36. Rcd1 Qc7 37. Bf1 Rd8 38. b5 Kg7 39. g3 Ng5 40. Bg2 Nf7 41.
Ne3 h5 42. a4 a5 43. bxa6 Bc6 44. Nd5 Bxd5 45. cxd5 Qa7 46. Qe2 Rc8 47. Bh3 Ra8
48. Bf1 Rc7 49. Rb1 c4 50. f4 b5+ 51. Qf2 bxa4 52. Qxa7 Raxa7 53. Rb6 a3 54.
Ra1 c3 55. Rb3 a2 56. Ra3 f5 57. exf5 Nh6 58. fxg6 Nf5 59. R3xa2 Ne3 60. Bg2
Kxg6 61. Be4+ Kf6 62. Rc1 Rc4 63. Bf3 Nf5 64. Be2 Rc5 65. Ra4 Ne3 66. Bf3 Nxd5
67. Rd4 Nc7 68. Rxd6+ Ke7 69. Rd3 Rxa6 70. Rdxc3 Rxc3 71. Rxc3 Ne6 72. Bxh5 Ra4
73. Bg4 Nxf4 74. gxf4 Rxf4 75. h3 Kf7 76. Kg2 Kg7 77. Kg3 Rf6 78. Rc5 Kh6 79.
Kh4 Kg7 80. Bf5 Kh6 81. Kg4 Ra6 82. Rc4 Rb6 83. Be4 Rf6 84. Rc7 Rf7 85. Rc6+
Kg7 86. Kg5 Re7 87. Bf5 Kg8 88. Kg6 Rg7+ 89. Kh6 Kh8 90. Kh5 Rf7 1/2-1/2

[Event "Bundesliga 9596"]
[Site "Deutschland"]
[Date "1996.??.??"]
[Round "?.4"]
[White "Knaak, Rainer"]
[Black "Chandler, Murray G"]
[Result "1/2-1/2"]
[WhiteElo "2540"]
[BlackElo "2535"]
[PlyCount "60"]
[EventDate "1995.10.??"]
[EventType "team"]
[EventRounds "15"]
[EventCountry "GER"]
[SourceTitle "Bundesliga 9596"]
[Source "DeepChess"]
[SourceDate "2005.01.01"]
[SourceVersion "1"]
[SourceVersionDate "2005.01.01"]
[SourceQuality "1"]
[WhiteTeam "SAbt SV Werder Bremen"]
[BlackTeam "SG 1868 Aljech. Solingen"]
[WhiteTeamCountry "GER"]
[BlackTeamCountry "GER"]

1. d4 d5 2. c4 e6 3. Nc3 c5 4. cxd5 exd5 5. Nf3 Nc6 6. dxc5 d4 7. Na4 Bxc5 8.
Nxc5 Qa5+ 9. Qd2 Qxc5 10. e3 dxe3 11. Qxe3+ Qxe3+ 12. Bxe3 Nge7 13. Bc4 O-O 14.
O-O Bg4 15. Ng5 h6 16. Ne4 Rfd8 17. Rfe1 Nf5 18. Bf4 Nfd4 19. Rac1 Be6 20. Kf1
Nb4 21. Nd6 Nxa2 22. Bxa2 Bxa2 23. Nxb7 Rd5 24. Nd6 Rd8 25. Nc8 R5d7 26. Ne7+
Kh7 27. Nc6 Nxc6 28. Rxc6 Rd4 29. Bg3 Rd2 30. Be5 R8d7 1/2-1/2

[Event "Bundesliga 9596"]
[Site "Deutschland"]
[Date "1996.??.??"]
[Round "?.5"]
[White "Bischoff, Klaus"]
[Black "Heissler, Jakob"]
[Result "1-0"]
[WhiteElo "2520"]
[BlackElo "2450"]
[PlyCount "169"]
[EventDate "1995.10.??"]
[EventType "team"]
[EventRounds "15"]
[EventCountry "GER"]
[SourceTitle "Bundesliga 9596"]
[Source "DeepChess"]
[SourceDate "2005.01.01"]
[SourceVersion "1"]
[SourceVersionDate "2005.01.01"]
[SourceQuality "1"]
[WhiteTeam "SG 1868 Aljech. Solingen"]
[BlackTeam "SAbt SV Werder Bremen"]
[WhiteTeamCountry "GER"]
[BlackTeamCountry "GER"]

1. c4 Nf6 2. Nc3 g6 3. e4 d6 4. d4 Bg7 5. Be2 O-O 6. Bg5 c5 7. d5 a6 8. a4 Qa5
9. Bd2 e6 10. h3 exd5 11. exd5 Qc7 12. Bd3 Nbd7 13. f4 Nh5 14. Nge2 Qd8 15. O-O
f5 16. Kh2 Ndf6 17. g3 Re8 18. Qc2 Ne4 19. Bxe4 fxe4 20. Nd1 Bf5 21. Ne3 Bd4
22. Ra3 Nf6 23. g4 Bxe3 24. Rxe3 Bxg4 25. hxg4 Nxg4+ 26. Kg3 Nxe3 27. Bxe3 Qd7
28. Nc3 Qf5 29. Qg2 Rab8 30. Rh1 Re7 31. Kf2 Rbe8 32. Ke2 Rf7 33. Qg5 Qd7 34.
Kd1 Rf5 35. Qg2 Qg7 36. Kc2 Rf7 37. Re1 Rfe7 38. Qh3 Qf6 39. Rg1 Rg7 40. Rg5
Qe7 41. Qg2 b6 42. Kc1 Qf6 43. Qh3 Qe7 44. Rg3 Qf6 45. Kc2 Qf7 46. Rg5 Qb7 47.
Qh1 Qe7 48. Qg2 Qf8 49. Nd1 Rf7 50. Qg3 Rb8 51. Bd2 b5 52. axb5 axb5 53. cxb5
Rxb5 54. Bc3 Rbb7 55. Rg4 Qe8 56. Kd2 Qb5 57. f5 Rxf5 58. Rxg6+ hxg6 59. Qxg6+
Kf8 60. Qxf5+ Rf7 61. Qxe4 Qf1 62. Qe6 Qg2+ 63. Kc1 Qh2 64. Bd2 Kg7 65. Qg4+
Kh7 66. Nc3 Qh1+ 67. Kc2 Qf3 68. Qh4+ Kg8 69. Qg5+ Rg7 70. Qd8+ Kh7 71. Qh4+
Kg8 72. Qe4 Qf1 73. Qf4 Qa6 74. Qf5 c4 75. Qe6+ Kh7 76. Qe4+ Kg8 77. Qe8+ Kh7
78. Ne4 Rg2 79. Qf7+ Kh8 80. Qe8+ Kg7 81. Qe7+ Kh8 82. Qf8+ Kh7 83. Qh6+ Kg8
84. Qe6+ Kh8 85. Qh3+ 1-0

[Event "Bundesliga 9596"]
[Site "Deutschland"]
[Date "1996.??.??"]
[Round "?.6"]
[White "Meins, Gerlef"]
[Black "Lau, Ralf"]
[Result "0-1"]
[WhiteElo "2445"]
[BlackElo "2495"]
[PlyCount "86"]
[EventDate "1995.10.??"]
[EventType "team"]
[EventRounds "15"]
[EventCountry "GER"]
[SourceTitle "Bundesliga 9596"]
[Source "DeepChess"]
[SourceDate "2005.01.01"]
[SourceVersion "1"]
[SourceVersionDate "2005.01.01"]
[SourceQuality "1"]
[WhiteTeam "SAbt SV Werder Bremen"]
[BlackTeam "SG 1868 Aljech. Solingen"]
[WhiteTeamCountry "GER"]
[BlackTeamCountry "GER"]

1. d4 d6 2. Nf3 Bg4 3. e4 Nf6 4. Bd3 Nc6 5. c3 e5 6. d5 Ne7 7. h3 Bd7 8. c4 Ng6
9. Nc3 Be7 10. Ne2 O-O 11. Be3 c5 12. O-O Nh5 13. Qd2 f5 14. exf5 Bxf5 15. Bxf5
Rxf5 16. Qc2 Qd7 17. Nd2 Rf7 18. Ne4 Nhf4 19. Kh2 Nh4 20. Bxf4 exf4 21. Ng1 f3
22. g3 Ng6 23. Rae1 Raf8 24. Re3 Rf5 25. Rfe1 Rh5 26. Nd2 Ne5 27. Rxe5 dxe5 28.
Re3 Rf6 29. Rxf3 Rfh6 30. Kg2 Rxh3 31. Qf5 Rh2+ 32. Kf1 Qxf5 33. Rxf5 Rf6 34.
Rf3 Rh1 35. Kg2 Rxf3 36. Ngxf3 Ra1 37. Ne4 Rxa2 38. d6 Bd8 39. Nxc5 e4 40. Nd4
Rxb2 41. Nxe4 Kf7 42. Kf3 Rb4 43. Nd2 Bb6 0-1

[Event "Bundesliga 9596"]
[Site "Deutschland"]
[Date "1996.??.??"]
[Round "?.8"]
[White "Hedke, Fred"]
[Black "Podzielny, Karl Heinz"]
[Result "1/2-1/2"]
[WhiteElo "2375"]
[BlackElo "2465"]
[PlyCount "52"]
[EventDate "1995.10.??"]
[EventType "team"]
[EventRounds "15"]
[EventCountry "GER"]
[SourceTitle "Bundesliga 9596"]
[Source "DeepChess"]
[SourceDate "2005.01.01"]
[SourceVersion "1"]
[SourceVersionDate "2005.01.01"]
[SourceQuality "1"]
[WhiteTeam "SAbt SV Werder Bremen"]
[BlackTeam "SG 1868 Aljech. Solingen"]
[WhiteTeamCountry "GER"]
[BlackTeamCountry "GER"]

1. e4 c5 2. c3 e6 3. d4 d5 4. exd5 exd5 5. Be3 c4 6. b3 cxb3 7. axb3 Nc6 8. Bd3
Bd6 9. Nd2 Nge7 10. Qf3 Be6 11. Nh3 Ng6 12. Bxg6 hxg6 13. Ng5 Qd7 14. h3 Ne7
15. Nxe6 Qxe6 16. O-O Qf5 17. Rfe1 O-O 18. Qxf5 Nxf5 19. Nf3 Rfc8 20. Bd2 a5
21. c4 b6 22. Rec1 f6 23. Kf1 Ne7 24. c5 bxc5 25. dxc5 Bxc5 26. Rxa5 Bb6
1/2-1/2

[Event "Bundesliga 9596"]
[Site "Deutschland"]
[Date "1996.??.??"]
[Round "?.2"]
[White "Kindermann, Stefan"]
[Black "Piskov, Yury"]
[Result "1/2-1/2"]
[WhiteElo "2575"]
[BlackElo "2520"]
[PlyCount "44"]
[EventDate "1995.10.??"]
[EventType "team"]
[EventRounds "15"]
[EventCountry "GER"]
[SourceTitle "Bundesliga 9596"]
[Source "DeepChess"]
[SourceDate "2005.01.01"]
[SourceVersion "1"]
[SourceVersionDate "2005.01.01"]
[SourceQuality "1"]
[WhiteTeam "SAbt SV Werder Bremen"]
[BlackTeam "SG Bochum 31"]
[WhiteTeamCountry "GER"]
[BlackTeamCountry "GER"]

1. e4 e6 2. d4 d5 3. Nc3 Nf6 4. Bg5 Bb4 5. e5 h6 6. Bd2 Bxc3 7. bxc3 Ne4 8. Qg4
g6 9. Bd3 Nxd2 10. Kxd2 c5 11. Qf4 cxd4 12. cxd4 Qa5+ 13. c3 b6 14. h4 Ba6 15.
Bxa6 Qxa6 16. Ne2 Nd7 17. Rhb1 Rc8 18. Rb4 Rc4 19. Rxc4 Qxc4 20. Qe3 Ke7 21.
Qd3 Rc8 22. Qxc4 Rxc4 1/2-1/2

[Event "Bundesliga 9596"]
[Site "Deutschland"]
[Date "1996.??.??"]
[Round "?.4"]
[White "Knaak, Rainer"]
[Black "Backwinkel, Paul"]
[Result "1-0"]
[WhiteElo "2540"]
[BlackElo "2410"]
[PlyCount "41"]
[EventDate "1995.10.??"]
[EventType "team"]
[EventRounds "15"]
[EventCountry "GER"]
[SourceTitle "Bundesliga 9596"]
[Source "DeepChess"]
[SourceDate "2005.01.01"]
[SourceVersion "1"]
[SourceVersionDate "2005.01.01"]
[SourceQuality "1"]
[WhiteTeam "SAbt SV Werder Bremen"]
[BlackTeam "SG Bochum 31"]
[WhiteTeamCountry "GER"]
[BlackTeamCountry "GER"]

1. d4 c5 2. d5 d6 3. c4 e5 4. e4 Be7 5. Bd2 Bg5 6. Bc3 f5 7. exf5 Bxf5 8. Ne2
Nh6 9. Ng3 O-O 10. Nxf5 Nxf5 11. Nd2 Bxd2+ 12. Qxd2 Nd7 13. O-O-O Nd4 14. f3 a6
15. Kb1 Qb8 16. h4 b5 17. h5 bxc4 18. Bxc4 Nb6 19. Bd3 Nxd5 20. Bc4 Qb7 21.
Bxd4 1-0

[Event "Bundesliga 9596"]
[Site "Deutschland"]
[Date "1996.??.??"]
[Round "?.5"]
[White "Sonntag, Hans Hubert"]
[Black "Heissler, Jakob"]
[Result "1/2-1/2"]
[WhiteElo "2405"]
[BlackElo "2450"]
[PlyCount "87"]
[EventDate "1995.10.??"]
[EventType "team"]
[EventRounds "15"]
[EventCountry "GER"]
[SourceTitle "Bundesliga 9596"]
[Source "DeepChess"]
[SourceDate "2005.01.01"]
[SourceVersion "1"]
[SourceVersionDate "2005.01.01"]
[SourceQuality "1"]
[WhiteTeam "SG Bochum 31"]
[BlackTeam "SAbt SV Werder Bremen"]
[WhiteTeamCountry "GER"]
[BlackTeamCountry "GER"]

1. d4 Nf6 2. c4 g6 3. Nc3 Bg7 4. e4 d6 5. f3 O-O 6. Be3 e5 7. Nge2 c6 8. Qd2
Nbd7 9. O-O-O a6 10. Kb1 b5 11. dxe5 Nxe5 12. Nc1 bxc4 13. Qxd6 Qxd6 14. Rxd6
Rb8 15. Rd2 Be6 16. Be2 Nfd7 17. Rc2 f5 18. Rd1 fxe4 19. Nxe4 Bf5 20. Bd4 Nb6
21. Bc3 Kh8 22. Rcd2 Nd5 23. Rxd5 cxd5 24. Rxd5 Rb5 25. Rd2 Re8 26. Bd1 Bxe4+
27. fxe4 Rbb8 28. Be2 Red8 29. Rxd8+ Rxd8 30. Bxe5 Bxe5 31. Bxc4 a5 32. Kc2
Bxh2 33. Nd3 Kg7 34. Kb3 Bc7 35. Bd5 Kf6 36. Ka4 h5 37. Nc5 Bb6 38. Nb7 Ke5 39.
Nxd8 Bxd8 40. Bf7 Kf6 41. Be8 h4 42. b4 axb4 43. Kxb4 g5 44. Kc4 1/2-1/2

[Event "Bundesliga 9596"]
[Site "Deutschland"]
[Date "1996.??.??"]
[Round "?.6"]
[White "Meins, Gerlef"]
[Black "Luecke, Norbert"]
[Result "1-0"]
[WhiteElo "2445"]
[BlackElo "2395"]
[PlyCount "141"]
[EventDate "1995.10.??"]
[EventType "team"]
[EventRounds "15"]
[EventCountry "GER"]
[SourceTitle "Bundesliga 9596"]
[Source "DeepChess"]
[SourceDate "2005.01.01"]
[SourceVersion "1"]
[SourceVersionDate "2005.01.01"]
[SourceQuality "1"]
[WhiteTeam "SAbt SV Werder Bremen"]
[BlackTeam "SG Bochum 31"]
[WhiteTeamCountry "GER"]
[BlackTeamCountry "GER"]

1. d4 Nf6 2. c4 g6 3. Nc3 d5 4. Bf4 Bg7 5. Rc1 O-O 6. e3 c5 7. dxc5 Be6 8. Nf3
Nc6 9. Ng5 Qa5 10. Be2 Rad8 11. Nxe6 fxe6 12. Qa4 Qxc5 13. O-O d4 14. exd4 Nxd4
15. Be3 a6 16. Rcd1 Nh5 17. g3 Qf5 18. Qb4 Rd7 19. c5 Rfd8 20. Qc4 Qh3 21. Ne4
h6 22. a4 Rd5 23. Nc3 R5d7 24. c6 bxc6 25. Ne4 Rd5 26. Nc3 R5d6 27. Qxa6 Nxe2+
28. Qxe2 Nf6 29. f3 Nd5 30. Nxd5 exd5 31. Bc5 Re6 32. Qf2 Kh7 33. b4 d4 34. Rd3
Rd5 35. a5 Rde5 36. Qg2 Qxg2+ 37. Kxg2 Re2+ 38. Rf2 Re1 39. Bxd4 Rd6 40. Rfd2
Rb1 41. Bxg7 Rxd3 42. Rxd3 Kxg7 43. Ra3 Rxb4 44. a6 Rb8 45. a7 Ra8 46. f4 Kf6
47. Kf3 Ke6 48. Ke4 Kd6 49. Kd4 g5 50. fxg5 hxg5 51. h4 gxh4 52. gxh4 e5+ 53.
Ke4 c5 54. Ra6+ Kc7 55. Kxe5 Kb7 56. Ra4 Re8+ 57. Kd5 Ka8 58. Kxc5 Rd8 59. Kc4
Rd1 60. Ra5 Rh1 61. h5 Rd1 62. Ra6 Rh1 63. h6 Rd1 64. Kc5 Rd2 65. Rd6 Rh2 66.
Rd8+ Kxa7 67. Rd7+ Ka6 68. h7 Rh5+ 69. Kd6 Kb6 70. Rg7 Rh6+ 71. Ke7 1-0

[Event "Bundesliga 9596"]
[Site "Deutschland"]
[Date "1996.??.??"]
[Round "?.7"]
[White "Buenermann, Volker"]
[Black "Floegel, Ulrich"]
[Result "1/2-1/2"]
[WhiteElo "2280"]
[BlackElo "2355"]
[PlyCount "67"]
[EventDate "1995.10.??"]
[EventType "team"]
[EventRounds "15"]
[EventCountry "GER"]
[SourceTitle "Bundesliga 9596"]
[Source "DeepChess"]
[SourceDate "2005.01.01"]
[SourceVersion "1"]
[SourceVersionDate "2005.01.01"]
[SourceQuality "1"]
[WhiteTeam "SG Bochum 31"]
[BlackTeam "SAbt SV Werder Bremen"]
[WhiteTeamCountry "GER"]
[BlackTeamCountry "GER"]

1. e4 Nf6 2. e5 Nd5 3. d4 d6 4. c4 Nb6 5. exd6 exd6 6. h3 Be7 7. Nf3 Bf5 8. Nc3
O-O 9. Be2 Bf6 10. O-O Nc6 11. Bf4 Re8 12. Rc1 h6 13. Qd2 Ne7 14. Bh2 c6 15. g4
Bh7 16. h4 Ng6 17. g5 Be7 18. Bg3 hxg5 19. hxg5 d5 20. cxd5 Nxd5 21. Bc4 Bd6
22. Nxd5 cxd5 23. Bd3 Bxg3 24. fxg3 Qd6 25. Kg2 Re7 26. Rfe1 Rae8 27. Rxe7 Qxe7
28. Re1 Qd7 29. Rxe8+ Qxe8 30. Kf2 Qd8 31. Qe3 Ne7 32. Bxh7+ Kxh7 33. Ne5 Kg8
34. Qf3 1/2-1/2

[Event "Bundesliga 9596"]
[Site "Deutschland"]
[Date "1996.??.??"]
[Round "?.8"]
[White "Hedke, Fred"]
[Black "Kitte, Sebastian"]
[Result "0-1"]
[WhiteElo "2375"]
[BlackElo "2265"]
[PlyCount "124"]
[EventDate "1995.10.??"]
[EventType "team"]
[EventRounds "15"]
[EventCountry "GER"]
[SourceTitle "Bundesliga 9596"]
[Source "DeepChess"]
[SourceDate "2005.01.01"]
[SourceVersion "1"]
[SourceVersionDate "2005.01.01"]
[SourceQuality "1"]
[WhiteTeam "SAbt SV Werder Bremen"]
[BlackTeam "SG Bochum 31"]
[WhiteTeamCountry "GER"]
[BlackTeamCountry "GER"]

1. e4 e5 2. Nf3 Nc6 3. d4 exd4 4. c3 dxc3 5. Bc4 d6 6. Nxc3 Nf6 7. Qb3 Qd7 8.
Ng5 Ne5 9. Be2 h6 10. f4 hxg5 11. fxe5 dxe5 12. Bd2 c6 13. O-O-O Qe7 14. Bxg5
Qb4 15. Qc2 Be6 16. Qd3 Bc5 17. Be3 Ke7 18. Kb1 Rhd8 19. Bxc5+ Qxc5 20. Qg3 Kf8
21. Rc1 Qa5 22. Qe3 Rd4 23. Bf3 b5 24. b3 Rad8 25. Rc2 Rd3 26. Qc5+ Kg8 27.
Rhc1 Nd7 28. Qxc6 Rb8 29. Nd5 Bxd5 30. exd5 Nf6 31. d6 Qb4 32. d7 Rxd7 33. Re2
Qd4 34. Rec2 Qf4 35. Re1 Qxh2 36. Rc5 Re7 37. Rxb5 Rxb5 38. Qxb5 e4 39. Qc5 Re8
40. Bd1 Qxg2 41. Rg1 Qd2 42. Bc2 Nd5 43. Qc6 Rb8 44. Qc4 Re8 45. Qc6 Rd8 46.
Qc4 Ne3 47. Qxe4 Qxc2+ 48. Qxc2 Nxc2 49. Kxc2 f5 50. b4 Kf7 51. a4 Kf6 52. Rb1
f4 53. b5 Kf5 54. a5 f3 55. Rd1 Rb8 56. Rb1 Kf4 57. Kd2 Rd8+ 58. Ke1 Kg3 59.
Rb2 Re8+ 60. Kf1 Rc8 61. Ke1 Rc1+ 62. Kd2 f2 0-1

[Event "Bundesliga 9596"]
[Site "Deutschland"]
[Date "1995.??.??"]
[Round "?.1"]
[White "Hracek, Zbynek"]
[Black "Lutz, Christopher"]
[Result "1-0"]
[WhiteElo "2635"]
[BlackElo "2575"]
[PlyCount "91"]
[EventDate "1995.10.??"]
[EventType "team"]
[EventRounds "15"]
[EventCountry "GER"]
[SourceTitle "Bundesliga 9596"]
[Source "DeepChess"]
[SourceDate "2005.01.01"]
[SourceVersion "1"]
[SourceVersionDate "2005.01.01"]
[SourceQuality "1"]
[WhiteTeam "SAbt SV Werder Bremen"]
[BlackTeam "SG Porz e.V."]
[WhiteTeamCountry "GER"]
[BlackTeamCountry "GER"]

1. e4 c5 2. Nf3 d6 3. Nc3 Nf6 4. d4 cxd4 5. Nxd4 a6 6. Be3 e6 7. g4 h6 8. f4
Nc6 9. h3 Qc7 10. Qe2 Nxd4 11. Bxd4 b5 12. Bg2 Rb8 13. e5 dxe5 14. Bxe5 Bd6 15.
Bxf6 gxf6 16. Nd5 Qc4 17. Nxf6+ Ke7 18. Nh5 Rd8 19. Qxc4 bxc4 20. O-O-O c3 21.
b3 Ba3+ 22. Kb1 Rxd1+ 23. Rxd1 Bd7 24. Ng3 Bb5 25. Bf1 Bxf1 26. Rxf1 Rd8 27.
Ne4 Bb4 28. f5 exf5 29. gxf5 Rd5 30. a3 Bxa3 31. Nxc3 Re5 32. Rf4 Bd6 33. Ne4
Bc7 34. c4 h5 35. Kc2 Ra5 36. Rf3 Ra2+ 37. Kd3 Rb2 38. Kd4 f6 39. Kd5 Be5 40.
Kc6 a5 41. c5 Ra2 42. Nc3 Rc2 43. Nd5+ Kf7 44. Rd3 Rf2 45. Kd7 Rxf5 46. c6 1-0

[Event "Bundesliga 9596"]
[Site "Deutschland"]
[Date "1995.??.??"]
[Round "?.2"]
[White "Huebner, Robert"]
[Black "Kindermann, Stefan"]
[Result "1/2-1/2"]
[WhiteElo "2630"]
[BlackElo "2565"]
[PlyCount "77"]
[EventDate "1995.10.??"]
[EventType "team"]
[EventRounds "15"]
[EventCountry "GER"]
[SourceTitle "Bundesliga 9596"]
[Source "DeepChess"]
[SourceDate "2005.01.01"]
[SourceVersion "1"]
[SourceVersionDate "2005.01.01"]
[SourceQuality "1"]
[WhiteTeam "SG Porz e.V."]
[BlackTeam "SAbt SV Werder Bremen"]
[WhiteTeamCountry "GER"]
[BlackTeamCountry "GER"]

1. d4 f5 2. g3 Nf6 3. Bg2 g6 4. Nh3 Bg7 5. c4 O-O 6. Nc3 d6 7. d5 Na6 8. Nf4 e5
9. dxe6 c6 10. O-O Nc5 11. Rb1 Nxe6 12. b3 Nxf4 13. Bxf4 Nh5 14. Bd2 f4 15. Rc1
Qe7 16. e3 fxg3 17. hxg3 Nf6 18. Ne2 Ng4 19. Nf4 a5 20. Qe2 Ne5 21. Nd3 Bg4 22.
f3 Be6 23. Nxe5 dxe5 24. Rfd1 a4 25. Be1 axb3 26. axb3 Ra3 27. Qd3 Rfa8 28. e4
Qc5+ 29. Kh2 Bf8 30. Qc3 Bh6 31. Bd2 Bg7 32. Ra1 Rxa1 33. Rxa1 Rxa1 34. Qxa1
Kf7 35. Qc3 Bf8 36. Be3 Qd6 37. Qd2 Qxd2 38. Bxd2 b5 39. cxb5 1/2-1/2